000 00304nam a22001337a 4500
008 170615b xxu||||| |||| 00| 0 eng d
020 _a9781565490734
041 _aeng
080 _a323
100 _a19
101 _aSHP
245 _aPLAYERS AND ISSUES IN INTERNATIONAL AID
_cHOY,P
942 _2udc
_cBK
999 _c17626
_d17626